How to get a Ph.D. : a handbooks for studeants and then superrisors

Bibliographic Details
Main Author: Phillips, Estella M
Other Authors: Pngh, D.S
Format: Book
Published: New Delhi : UBS Publishers' Distributers Ltd. , 1993
Subjects:

MARC

LEADER 00000cam a2200000 7i4500
001 0000004132
002 000004445
005 20100203.0
020 |a 8185944016 
090 0 0 |a 371.3028   |b PHI 
100 1 |a Phillips, Estella M 
245 1 0 |a How to get a Ph.D. :   |b a handbooks for studeants and then superrisors   |c Estelle M.Phillips and D.S. Pngh 
260 |a New Delhi :   |b UBS Publishers' Distributers Ltd. ,   |c 1993 
300 |a 161p. ;   |c 22cm. 
650 0 0 |a Degrees, doctrine of   |x Handbooks, manuals, etc. 
650 0 0 |a Philosophers degree   |x Handbooks, manual, etc. 
700 1 |a Pngh, D.S 
999 |a 033431   |b BUKU   |c RUJUKAN   |e PERPUSTAKAAN KOMUNITI PETALING JAYA